00449nam a2200133Ia 4500008004100000041000800041082001800049100003600067245004600103260002700149365000700176999001900183952011300202230303s9999 xx 000 0 und d aeng a621.38215 LIN aLin (Yi-Bing) & Lin (Yi-Bing) & aWireless and mobile Network Architectures aNEW DELHIbWiley India cRS c204855d204855 00104070aECDbECDd2023-03-07g419.00l0o621.38215 LINpECD-BB17246r2023-03-07 00:00:00w2023-03-07yBK